The great fights : 80 epic encounters from the history of boxing /

Bibliographic Details
Main Author: Brooke-Ball, Peter (Author)
Other Authors: O'Dell, Derek (Editor), Snelling, O. F. (Oswald Frederick), 1916-2001 (Editor)
Format: Book
Language:English
Published: London : Southwater, [2010]
Subjects:

MARC

Tag First Indicator Second Indicator Subfields
LEADER 00000cam a2200000 a 4500
001 in00004660331
008 030303s2010 enkac 001 0 eng
005 20250409180018.7
020 |a 9781844767717  |q (pbk.) 
020 |a 184476771X  |q (pbk.) 
029 0 |a NZ1  |b 15050542 
035 |a (OCoLC)ocn859427287 
035 |a (OCoLC)859427287 
040 |a Nz  |b eng  |c NZHSD  |d OCLCF  |d OCLCO  |d OCLCQ  |d OCL  |d OCLCA  |d OCLCQ  |d OCLCO  |d OCLCL  |d OCLCQ  |d OCLCO  |d TXA 
050 4 |a GV1133  |b .B76 2010 
082 0 4 |a 796.83  |2 22 
100 1 |a Brooke-Ball, Peter,  |e author.  |1 https://id.oclc.org/worldcat/entity/E39PCjKJq8WXqVwfDR36F9PkH3 
240 1 0 |a Greatest-ever boxing matches 
245 1 4 |a The great fights :  |b 80 epic encounters from the history of boxing /  |c Peter Brooke-Ball ; with contributing editors, Derek O'Dell & O.F. Snelling. 
264 1 |a London :  |b Southwater,  |c [2010] 
300 |a 128 pages :  |b illustrations (some color), portraits (some color) ;  |c 30 cm 
336 |a text  |b txt  |2 rdacontent 
337 |a unmediated  |b n  |2 rdamedia 
338 |a volume  |b nc  |2 rdacarrier 
500 |a Includes index. 
500 |a Also published as: The greatest-ever boxing matches. 
650 0 |a Boxing matches  |x History. 
650 0 |a Boxing matches  |x History  |v Pictorial works. 
650 6 |a Boxe  |x Matchs  |x Histoire. 
650 6 |a Boxe  |x Matchs  |x Histoire  |v Ouvrages illustrés. 
650 7 |a Boxing matches  |2 fast 
655 7 |a History  |2 fast 
655 7 |a Illustrated works  |2 fast 
700 1 |a O'Dell, Derek,  |e editor. 
700 1 |a Snelling, O. F.  |q (Oswald Frederick),  |d 1916-2001,  |e editor.  |1 https://id.oclc.org/worldcat/entity/E39PBJqK7xvfRVkGjPfFj38Qv3 
758 |i has work:  |a The great fights (Text)  |1 https://id.oclc.org/worldcat/entity/E39PCG4bkwFkCbVb8bGggwCQhd  |4 https://id.oclc.org/worldcat/ontology/hasWork 
948 |h HELD BY TXA - 1 OTHER HOLDINGS 
994 |a Z0  |b TXA 
999 f f |s 43dbd168-9ed3-444f-95b6-bfaf306a3ab2  |i 07b4978d-2203-4717-baa6-f35073a9d62b  |t 0 
952 f f |p noncirc  |a Texas A&M University  |b College Station  |c Cushing Memorial Library & Archives  |s cush box  |d Cushing: Sports/Mitchell Boxing (Does not check out)  |t 0  |e GV1133 .B76 2010  |h Library of Congress classification  |i unmediated -- volume  |m A1485290977J